000 00339 a2200157 4500
001 62924
020 _a9788567028514
040 _cAnchieta - Pituba
100 _aHawking, Jane
240 1 0 _aA teoria de tudo
_lpor
245 1 0 _aA teoria de tudo
300 _a447
362 0 _a2014
650 4 _aFicção norte-americana
942 _cBK
999 _c62924
_d62924